[Event "South Normanton 4NCL op 23rd"]
[Site "South Normanton"]
[Date "2019.10.04"]
[Round "1"]
[White "Ross, Stuart"]
[Black "Makkar, Rajat"]
[Result "0-1"]
[WhiteElo "1636"]
[BlackElo "2071"]
[PlyCount "99"]
[EventDate "2019.10.04"]
[EventType "swiss"]
[EventRounds "5"]
[EventCountry "ENG"]
[SourceTitle "CBM 192 Extra"]
[Source "Chessbase"]
[SourceDate "2019.11.06"]
[SourceVersion "1"]
[SourceVersionDate "2019.11.06"]
[SourceQuality "1"]

1. e4 e5 2. Nf3 Nc6 3. Bb5 a6 4. Ba4 Nf6 5. 0-0 Be7 6. Re1 b5 7. Bb3 d6 8. c3 0-0 9. h3 Nb8 10. d4 Nbd7 11. Nbd2 Bb7 12. Bc2 Re8 13. Nf1 Bf8 14. Ng3 g6 15. b3 Bg7 16. Bb2 c6 17. Qd2 Qc7 18. Rad1 Rad8 19. Qc1 a5 20. Bb1 a4 21. dxe5 dxe5 22. c4 b4 23. Qe3 Ra8 24. a3 c5 25. bxa4 Nb6 26. Qb3 Rxa4 27. Bc2 Ba6 28. Nd2 bxa3 29. Bxa3 Ra8 30. Qc3 Rxa3 31. Qxa3 Bxc4 32. Qc3 Be6 33. Ra1 Rd8 34. Ra5 Bf8 35. Rea1 c4 36. Ra7 Qc6 37. Nf3 Nfd7 38. Ng5 Bc5 39. Nxe6 Qxe6 40. Qf3 Nb8 41. Rd1 Rxd1+ 42. Qxd1 Nc6 43. Ra1 Qf6 44. Qe2 Qf4 45. Rd1 Qxg3 46. Rf1 Nd4 47. Qd1 Ne6 48. Qg4 Qxg4 49. hxg4 Nd4 50. Rb1 0-1

[Event "BCF-chT4S 1819 (4NCL)"]
[Site "England"]
[Date "2019.05.05"]
[Round "10.207"]
[White "Sanfey, Gregor"]
[Black "Ross, Stuart"]
[Result "0-1"]
[WhiteElo "1585"]
[BlackElo "1727"]
[PlyCount "100"]
[EventDate "2018.11.17"]
[EventType "team-swiss"]
[EventRounds "11"]
[EventCountry "ENG"]
[SourceTitle "EXT 2021"]
[Source "ChessBase"]
[SourceDate "2020.10.23"]
[SourceVersion "1"]
[SourceVersionDate "2020.10.23"]
[SourceQuality "1"]
[WhiteTeam "Barnet Knights II"]
[BlackTeam "Shropshire III"]
[WhiteTeamCountry "ENG"]
[BlackTeamCountry "ENG"]

1. d4 Nf6 2. c4 e6 3. Nf3 b6 4. g3 Ba6 5. b3 Bb4+ 6. Nbd2 0-0 7. Bb2 Bb7 8. Bg2 Be7 9. 0-0 d6 10. Qc2 c5 11. dxc5 bxc5 12. Rfd1 Qc7 13. Nh4 Nc6 14. Ne4 Nxe4 15. Bxe4 f5 16. Bg2 Bf6 17. Bxf6 Rxf6 18. e4 Nd4 19. Rxd4 cxd4 20. exf5 Bxg2 21. Kxg2 Qc6+ 22. f3 e5 23. Qe4 Rc8 24. g4 Qxe4 25. fxe4 h6 26. Ng6 Kf7 27. h4 Rc7 28. Rc1 Kg8 29. g5 Rff7 30. Kf2 a5 31. Ke2 Rb7 32. c5 Rfc7 33. c6 Rb6 34. Kd3 Kf7 35. Nh8+ Ke8 36. gxh6 gxh6 37. Rg1 Rbxc6 38. Rg8+ Ke7 39. Ng6+ Kf7 40. Rf8+ Kg7 41. Ke2 Rc8 42. Rxc8 Rxc8 43. Kd3 Kf7 44. Kd2 Rc3 45. Kd1 Re3 46. Kc2 Rxe4 47. a3 Re3 48. b4 Rxa3 49. b5 Rc3+ 50. Kb2 Rc5 0-1

[Event "BCF-chT4S 1819 (4NCL)"]
[Site "England"]
[Date "2018.11.17"]
[Round "1.99"]
[White "Ross, Stuart"]
[Black "Weersing, Nathan"]
[Result "1-0"]
[WhiteElo "1727"]
[BlackElo "1502"]
[PlyCount "113"]
[EventDate "2018.11.17"]
[EventType "team-swiss"]
[EventRounds "11"]
[EventCountry "ENG"]
[SourceTitle "EXT 2021"]
[Source "ChessBase"]
[SourceDate "2020.10.23"]
[SourceVersion "1"]
[SourceVersionDate "2020.10.23"]
[SourceQuality "1"]
[WhiteTeam "Shropshire III"]
[BlackTeam "Poisoned Pawns Next Generation"]
[WhiteTeamCountry "ENG"]
[BlackTeamCountry "ENG"]

1. e4 e6 2. d4 d5 3. Nc3 Nf6 4. e5 Nfd7 5. f4 c5 6. Nf3 Nc6 7. Be3 Qb6 8. Na4 Qa5+ 9. c3 cxd4 10. b4 Qd8 11. Nxd4 f6 12. Nxe6 Qe7 13. Nc7+ Kd8 14. Nxd5 Qe6 15. Nc5 Bxc5 16. Bxc5 fxe5 17. Be2 b6 18. Bg4 exf4+ 19. Bxe6 bxc5 20. Qg4 Re8 21. 0-0-0 cxb4 22. Qg5+ Ne7 23. Nxb4 Kc7 24. Bxd7 Bxd7 25. Qa5+ Kc8 26. Rhe1 Nc6 27. Rxe8+ Bxe8 28. Nxc6 Bxc6 29. Rd8+ Kb7 30. Rxa8 Kxa8 31. Qc7 a5 32. Qxc6+ Kb8 33. Qd6+ Kb7 34. Qxf4 g5 35. Qf7+ Kc6 36. Qxh7 a4 37. Qg6+ Kc5 38. Qxg5+ Kc4 39. Qf4+ Kd3 40. Qxa4 Kxc3 41. h4 Kd3 42. h5 Ke2 43. h6 Kf2 44. g4 Kg3 45. g5 Kf2 46. g6 Kg1 47. g7 Kf2 48. h7 Ke1 49. Qc2 Kf1 50. a4 Ke1 51. a5 Kf1 52. a6 Ke1 53. a7 Kf1 54. h8Q Kg1 55. a8Q Kf1 56. g8Q Ke1 57. Qg1# 1-0

[Event "Telford 4NCL op"]
[Site "Telford"]
[Date "2018.11.03"]
[Round "7"]
[White "Ther, Mate T"]
[Black "Ross, Stuart"]
[Result "1-0"]
[WhiteElo "1759"]
[BlackElo "1608"]
[PlyCount "37"]
[EventDate "2018.10.31"]
[EventType "swiss"]
[EventRounds "9"]
[EventCountry "ENG"]
[SourceTitle "CBM 187 Extra"]
[Source "ChessBase"]
[SourceDate "2018.11.04"]
[SourceVersion "1"]
[SourceVersionDate "2018.11.04"]
[SourceQuality "1"]

1. e4 c5 2. Nf3 d6 3. d4 cxd4 4. Nxd4 Nf6 5. f3 a6 6. c4 g6 7. Nc3 Bg7 8. Be3 0-0 9. Be2 Bd7 10. 0-0 Nc6 11. Qd2 Rc8 12. Rac1 Ne5 13. b3 Nc6 14. Rfd1 Nxd4 15. Bxd4 Qa5 16. Nd5 Qxd2 17. Nxe7+ Kh8 18. Rxd2 Bh6 19. Bxf6+ 1-0

[Event "Telford 4NCL op"]
[Site "Telford"]
[Date "2018.11.01"]
[Round "3"]
[White "Mihalik, Agoston"]
[Black "Ross, Stuart"]
[Result "1-0"]
[WhiteElo "2223"]
[BlackElo "1608"]
[PlyCount "51"]
[EventDate "2018.10.31"]
[EventType "swiss"]
[EventRounds "9"]
[EventCountry "ENG"]
[SourceTitle "CBM 187 Extra"]
[Source "ChessBase"]
[SourceDate "2018.11.04"]
[SourceVersion "1"]
[SourceVersionDate "2018.11.04"]
[SourceQuality "1"]

1. e4 c5 2. Nf3 d6 3. d4 cxd4 4. Nxd4 Nf6 5. Nc3 a6 6. Bg5 e6 7. f4 Qb6 8. Qd3 Qxb2 9. Rb1 Qa3 10. f5 Nc6 11. fxe6 fxe6 12. Nxc6 bxc6 13. Be2 Qa5 14. Bxf6 gxf6 15. 0-0 Be7 16. Kh1 Bd7 17. Bg4 0-0 18. Rb7 Qd8 19. Qc4 d5 20. exd5 cxd5 21. Nxd5 Rf7 22. Nxe7+ Qxe7 23. Qb3 Qd6 24. Rd1 Qe5 25. Rbxd7 Rxd7 26. Bxe6+ 1-0

[Event "Telford 4NCL op"]
[Site "Telford"]
[Date "2018.11.01"]
[Round "2"]
[White "Ross, Stuart"]
[Black "Arkell, Keith C"]
[Result "0-1"]
[WhiteElo "1608"]
[BlackElo "2436"]
[PlyCount "67"]
[EventDate "2018.10.31"]
[EventType "swiss"]
[EventRounds "9"]
[EventCountry "ENG"]
[SourceTitle "CBM 187 Extra"]
[Source "ChessBase"]
[SourceDate "2018.11.04"]
[SourceVersion "1"]
[SourceVersionDate "2018.11.04"]
[SourceQuality "1"]

1. e4 c6 2. d4 d5 3. Nc3 dxe4 4. Nxe4 Nd7 5. Ng5 Ngf6 6. Bd3 Nb6 7. N1f3 Bg4 8. h3 Bxf3 9. Nxf3 g6 10. 0-0 Bg7 11. c3 0-0 12. Bf4 Nbd5 13. Be5 e6 14. Qd2 Re8 15. Rfe1 Nd7 16. Bg3 c5 17. dxc5 Nxc5 18. Rad1 Nxd3 19. Qxd3 Qb6 20. Qc2 Rac8 21. Qb3 Rc5 22. Qxb6 Nxb6 23. Be5 Rec8 24. Bd4 Bxd4 25. Rxd4 Nd5 26. Re5 b5 27. a4 a6 28. Nd2 R5c7 29. Nf1 b4 30. cxb4 Rc1 31. Ree4 R8c2 32. b3 Nc3 33. Rd8+ Kg7 34. g3 0-1

[Event "Nottingham 4NCL op 20th"]
[Site "Nottingham"]
[Date "2018.09.30"]
[Round "4"]
[White "Makkar, Rajat"]
[Black "Ross, Stuart"]
[Result "1-0"]
[WhiteElo "2000"]
[BlackElo "1608"]
[PlyCount "55"]
[EventDate "2018.09.28"]
[EventType "swiss"]
[EventRounds "5"]
[EventCountry "ENG"]
[SourceTitle "CBM 186 Extra"]
[Source "ChessBase"]
[SourceDate "2018.08.24"]
[SourceVersion "1"]
[SourceVersionDate "2018.08.24"]
[SourceQuality "1"]

1. d4 Nf6 2. c4 e6 3. g3 d5 4. Nf3 Be7 5. Bg2 0-0 6. 0-0 dxc4 7. Ne5 c5 8. dxc5 Qc7 9. Nxc4 Bxc5 10. b3 Nc6 11. e3 e5 12. Bb2 Bg4 13. Qc2 Rfe8 14. a3 Rac8 15. Nc3 a6 16. Rac1 b5 17. Nd2 b4 18. Na4 bxa3 19. Ba1 Nb4 20. Qxc5 Qxc5 21. Nxc5 Be2 22. Rfe1 Rxc5 23. Rxc5 Nd3 24. Rec1 Nxc1 25. Rxc1 h6 26. Nc4 a2 27. Rc2 Rd8 28. Rd2 1-0